00255nam a2200109Ia 4500008004100000100001900041245002500060250000800085260002600093300000800119650001800127191201s2004 xx 000 0 und d aGHOSE, Jayanti 4aThe UBS Career Guide aRev aN.DelhibUBSPD,c2004 a373 aGeneral Books